000
00247nam a2200097Ia 4500
001
690183
005
20250826161811.0
008
250824s9999 xx 000 0 und d
245
0
_a
HUZUR SOKAĞI
_c
ŞULE YÜKSEL ŞENLER
260
_b
TİMAŞ YAYINLARI
999
_c
690183
_d
690183